000 00573nam a2200181 i 4500
001 60594
003 ES-MaACL
005 20230906164251.0
007 t|
008 031105s1909 fr |||| | fre d
100 1 _aEspinosa, Aurelio M.
_947875
245 1 0 _aStudies in New Mexican Spanish.
_nPart I,
_pphonology /
_cAurelio M. Espinosa.
260 _a[S.l. :
_bs.n.,
_c1909]
500 _aBulletin University of New Mexico, n. 53.
650 4 _aLengua española-
_zMéxico.
_9159084
650 0 4 _aLengua española-
_xPronunciación.
_914179
852 _aES-MaACL
_j1559-F-1
999 _c60594
_d60594